University Home | Library Home | Institutional Repository

Primary science : (Record no. 216393)

MARC details
000 -LEADER
fixed length control field 00817 a2200253 4500
005 - DATE AND TIME OF LATEST TRANSACTION
control field 20260331100549.0
008 - FIXED-LENGTH DATA ELEMENTS--GENERAL INFORMATION
fixed length control field 260326b ||||| |||| 00| 0 eng d
020 ## - INTERNATIONAL STANDARD BOOK NUMBER
International Standard Book Number 9781529681154
040 ## - CATALOGING SOURCE
Original cataloging agency LC
Transcribing agency UNZA
Description conventions RDA
050 ## - LIBRARY OF CONGRESS CALL NUMBER
Classification number LB 1585
Item number PRI 2024
100 ## - MAIN ENTRY--PERSONAL NAME
Personal name Peacok, Graham
245 ## - TITLE STATEMENT
Title Primary science :
Remainder of title knowledge and understanding /
Statement of responsibility, etc. Graham Peacock; John Sharp; Rob Johnsey [and 1 other].
250 ## - EDITION STATEMENT
Edition statement 10th edition.
260 ## - PUBLICATION, DISTRIBUTION, ETC.
Place of publication, distribution, etc. London :
Name of publisher, distributor, etc. Learning Matters,
Date of publication, distribution, etc. 2024.
300 ## - PHYSICAL DESCRIPTION
Extent xvi, 326 pages :
Other physical details illustrations.
336 ## - CONTENT TYPE
CONTENT TYPE Text
337 ## - MEDIA TYPE
MEDIA TYPE Unmediated
338 ## - CARRIER TYPE
CARRIER TYPE Volume
504 ## - BIBLIOGRAPHY, ETC. NOTE
Bibliography, etc. note Includes bibliographical references and index.
650 ## - SUBJECT ADDED ENTRY--TOPICAL TERM
Topical term or geographic name entry element Science
General subdivision Study and teaching (Elementary)
Geographic subdivision Great Britain
700 ## - ADDED ENTRY--PERSONAL NAME
Personal name Sharp, John
Relator term author
700 ## - ADDED ENTRY--PERSONAL NAME
Personal name Johnsey, Rob
Relator term author
999 ## -
-- 216393
-- 216393
942 ## - ADDED ENTRY ELEMENTS (KOHA)
Koha item type Book
Holdings
Withdrawn status Lost status Source of classification or shelving scheme Damaged status Not for loan Collection code Home library Current library Shelving location Date acquired Source of acquisition Cost, normal purchase price Total Checkouts Full call number Barcode Date last seen Copy number Cost, replacement price Price effective from Koha item type
    Library of Congress Classification     Non-fiction Main Library Main Library On Shelf 03/04/2026 Donation 300.00   LB 1585 PRI 2024 33729006810076 03/04/2026 1 300.00 03/04/2026 Book
    Library of Congress Classification     Non-fiction Main Library Main Library On Shelf 03/05/2026 Donation 300.00   LB 1585 PRI 2024 33729006810316 03/05/2026 2 300.00 03/05/2026 Book
    Library of Congress Classification     Non-fiction Main Library Main Library   03/27/2026 Donation 300.00   LB 1585 PEAC 2024 33729006810621 03/27/2026 3 300.00 03/27/2026 Book
© 2026 - The University of Zambia Library - Koha v25.11